Miguel de Cervantes Saavedra / (Record no. 32627)

MARC details
000 -LEADER
fixed length control field 00434nam a2200181Ia 4500
020 ## - INTERNATIONAL STANDARD BOOK NUMBER
ISBN 9781853260360
050 ## - CALL MARK
Classification number PQ 6332 .Q5/
100 ## - STATEMENT OF RESPONSIBILITY--MAIN AUTHOR NAME
Personal name Quixote, Don.
245 #0 - TITLE STATEMENT
Title Miguel de Cervantes Saavedra /
260 ## - PUBLICATION, DISTRIBUTION, ETC. (IMPRINT)
Place of publication Hertfordshire :
260 ## - PUBLICATION, DISTRIBUTION, ETC. (IMPRINT)
Name of publisher Wordsworth,
260 ## - PUBLICATION, DISTRIBUTION, ETC. (IMPRINT)
Year of publication 1993
300 ## - PHYSICAL DESCRIPTION
Number of Pages 765 p
650 ## - SUBJECT ADDED ENTRY--TOPICAL TERM
Topical Term English fiction.
942 ## - ADDED ENTRY ELEMENTS (KOHA)
Koha item type Books
Holdings
Withdrawn status Lost status Source of classification or shelving scheme Damaged status Not for loan Permanent Location Current Location Date acquired Accession Number Price effective from Koha item type
    Library of Congress Classification     NILE UNIVERSITY OF NIGERIA - MAIN LIBRARY NILE UNIVERSITY OF NIGERIA - MAIN LIBRARY 04/23/2025 0184938 04/23/2025 Books